000 00791nam a22002777a 4500
001 BR0104494
003 BR-BrBNA
005 20230928100952.0
007 ta
008 230509b bl.||||| |||| 00| 0 por d
040 _aBR-BrBNA
_bpor
_cBiblioteca Nacional de Agricultura
041 _a(Por)
072 _aE71; E16
_b3801
090 _ 3801 BR0104494
110 1 _aAssociacao Nacional para Difusao de Adubos, Sao Paulo, SP (Brasil)
_9687
245 1 _aAnuario estatistico do setor de fertilizantes 1999
260 3 _aSao Paulo, SP (Brasil):
_c2000.
300 _a156 p.
650 _aFertilizante
650 _aMercado Produtor
650 _aEstatistica de Producao
650 _aMateria Prima
650 _aExportacao
909 _a202309
_bLucia
_c55
_dLucia Elande
942 _cBK
999 _c63640
_d63640